Ranczo - Statystyki

Ogólne statystyki
  • Ten quiz został rozwiązany 942 razy
  • Średni wynik to 30 z 52
Statystyki odpowiedzi
Odpowiedź % Poprawnych
Kusy
96%
Lucy
95%
Solejuk
89%
Solejukowa
85%
Michałowa
83%
Pietrek
83%
Hadziuk
82%
Klaudia
79%
Czerepach
78%
Hadziukowa
78%
Jola
76%
Kinga
76%
Więcławska
76%
Więcławski
76%
Lodzia
74%
Halina Kozioł
70%
ksiądz Maciej
70%
ksiądz Robert
70%
Wioletka
68%
Stach Japycz
66%
Dorotka
65%
Babka
62%
Monika
62%
Fabian Duda
61%
Wezół
61%
Witebski
61%
Wargacz
59%
Stasiek
58%
Wezółowa
58%
Myćko
56%
Jerry
53%
ksiądz Proboszcz
53%
Marianek
52%
Francesca
50%
Wargaczowa
50%
Dyrektorka
47%
Jagna
46%
Szymek
46%
Jan Japycz
45%
Myćkowa
42%
Senator Kozioł
42%
Kasia Solejuk
40%
Magister
40%
Weronika
36%
ksiądz Biskup
34%
Radny z Dopiewa
34%
Ola
30%
Weronka
30%
Prokurator
26%
Marek Karat
18%
Chińczyk
17%
Radny Bartkowiak
17%
Nie znaleziono quizów pasujących do podanych kryteriów
Rozkład punktacji
Procent ludzi z każdym wynikiem
Percentyl według liczby udzielonych odpowiedzi
Twoja historia wyników
Nie rozwiązałeś tego quizu